Etúcuaro, la reconstrucción de la comunidad : campo social, producción cultural y Estado /

Gorde:
Xehetasun bibliografikoak
Egile nagusia: Escalona Victoria, José Luis (autor)
Formatua: Liburua
Hizkuntza:gaztelania
Argitaratua: Zamora, México : El Colegio de Michoacán, 1998, c1998
Saila:(Investigaciones del ColMich)
Gaiak:
Etiketak: Etiketa erantsi
Etiketarik gabe, Izan zaitez lehena erregistro honi etiketa jartzen!

MARC

LEADER 00000nam^a2200000^a^4500
001 000138922
005 20250521000000.0
009 20260310095446.747
020 |a 968-6959-95-5 
037 |a Acervo ITESO - Biblioteca 
041 |a ESP 
082 |a 711. 4097237  |b ESC 
100 |a Escalona Victoria, José Luis  |e (autor) 
245 1 0 |a Etúcuaro, la reconstrucción de la comunidad :  |b campo social, producción cultural y Estado /  |c J.L. Escalona Victoria. 
264 4 |a Zamora, México :  |b El Colegio de Michoacán,  |c 1998, c1998 
300 |a 286 p. 
336 |a texto  |b txt  |2 rdacontenido 
337 |a sin mediación  |b n  |2 rdamedio 
338 |a volumen  |b nc  |2 rdasoporte 
440 1 |a (Investigaciones del ColMich) 
649 |a XX 
650 |a Desarrollo Comunitario -  |z Etúcuaro, Michoacán 
650 |a Desarrollo Comunitario -  |z Michoacán 
650 |a Desarrollo Comunitario -  |z México 
650 |a Grupos Sociales -  |z Etúcuaro, Michoacán 
650 |a Grupos Sociales -  |z Michoacán 
650 |a Grupos Sociales -  |z México 
650 |a Interacción Social -  |z Etúcuaro, Michoacán 
650 |a Interacción Social -  |z Michoacán 
650 |a Interacción Social -  |z México 
650 |a Etúcuaro, Michoacán -  |x Condiciones Sociales y Culturales 
650 |a Michoacán -  |x Condiciones Sociales y Culturales 
650 |a México -  |x Condiciones Sociales y Culturales 
650 |a Antropología Cultural 
910 |a Fondo General 
920 |a Impresos - Libros 
930 |a Colección General 
905 |a 101 
901 |a 0500067510  |b IT1  |c ACC  |u 20250521 
902 |a https://opac.biblio.iteso.mx/vufind/Record/000138922